| 000 | 00767nam a22002297a 4500 | ||
|---|---|---|---|
| 999 |
_c15189 _d15189 |
||
| 003 | MIRAKIL | ||
| 005 | 20230301135432.0 | ||
| 008 | 230301b tu ||||| |||| 00| 0 tur d | ||
| 020 | _a9786057424419 | ||
| 040 |
_aTR-AnCHP _cTR-AnCHP |
||
| 041 | _atur | ||
| 082 |
_a650.1 _bT76t 2021 |
||
| 100 | _aTörüner, Yaman | ||
| 245 | 1 | 0 |
_aTek kanatla kuş uçmaz : _bhayallerindeki sen için ihtiyacın olan her şey! / _cYaman Törüner |
| 246 | _ahayallerindeki sen için ihtiyacın olan her şey! | ||
| 260 |
_aİstanbul : _bScala Yayıncılık, _c2021. |
||
| 300 |
_a401 s.: _c19 sm. |
||
| 500 | _aYapıt yazarından imzalıdır. | ||
| 650 | 0 |
_95435 _aBaşarı, iş yaşamında |
|
| 740 | _ahayallerindeki sen için ihtiyacın olan her şey! | ||
| 942 |
_2ddc _cBKS |
||